000 01980cam a22004574i 4500
003 PE-LiUPU
005 20250731173303.0
008 150625s1991 sp a rb 000 0 spa d
020 _a8476455259
035 _a(Sirsi) i9788476455258
040 _aPE-LiUPU
_bspa
_cPE-LiUPU
_erda
049 _aPRUA
082 0 4 _a222.8077
_bV27
_221
100 1 _aVallés Casamayor, Ramón,
_eautor.
245 1 0 _aNehemías :
_bla revolución interior /
_cRamón Vallés Casamayor.
264 1 _aBarcelona :
_bClie,
_c1991.
300 _a447 páginas :
_bilustraciones ;
_c23 centímetros
336 _atext
_2rdacontent
337 _aunmediated
_2rdamedia
338 _avolume
_2rdacarrier
504 _aIncluye referencias bibliográficas.
505 0 _aVisión de la obra -- Planificación de la obra -- Comienza la obra -- Amenaza de la obra --Fracasan varios ataques contra Nehemías -- Consolidación del trabajo -- La consecuencia de la seguridad -- Esdras confiesa los pecados de Israel -- Los firmantes del pacto -- El inicio del nuevo orden; establecimiento de una nueva forma de sociedad -- La dedicación del muro -- Reformas de Nehemías en su segunda estancia en Jerusalén.
526 _aSEG42
526 _aSEG41
526 _aSEG40
526 _aSEG39
526 _aP94
526 _aP87
526 _aP86
526 _aP85
526 _aP77
526 _aP76
526 _aP35
541 _g001-0014465;
630 _aBiblia.
_pA.T.
_pNehemías
_vComentarios.
942 _2ddc
_cBOOK
949 _a222.8077 V27
_wDEWEY
_c1
_i55553
_d2015-12-4
_e2015-11-12
_lCCODEBUL1
_mBUL
_n3
_p14.00
_r0
_sY
_tBOOK
_u2015-6-25
_xTEOLOGIA
_zUNKNOWN
_0COMPRA
_o.STAFF. Colección General
994 _aC0
_bPEPRU
596 _a1
999 _a222.8077 V27
_wDEWEY
_c44428
_i55553
_d44428
_e2015-11-12
_f2021-11-9
_g5
_lCCODEBUL1
_mBUL
_n3
_p14.00
_q1
_r0
_sY
_tBOOK
_u2015-6-25
_xTEOLOGIA
_zUNKNOWN
_0COMPRA
_o.STAFF. Colección Teología
980 _81
_gALBERTO SANCHEZ Responsable de Automatización